000 00724 a2200205 4500
001 41404
005 20260407155708.0
008 260407a1973 arg spa d
003 AR-UNSa-BCEJYS
040 _aAR-UNSa-BCEJYS
_bspa
_cAR-UNSa-BCEJYS
080 _a343.3/.7
_xDelitos concretos. Actos punibles específicos
245 1 0 _aDerecho penal del cheque
264 1 _aBuenos Aires :
_bAstrea
_c1973
300 _a301 p.
_c23 cm.
505 _a1. Progresión de la legislación argentina - 2. Los diversos delitos del Art. 302 del Código Penal - 3. La ampliación de los tipos penales - 4. La reacción penal
041 _aspa
942 _cBK
590 _aniveau_biblio:m niveau_hierar:0
100 1 _aBorinsky, Carlos
999 _c3500
_d3500